000 00328 a2200145 4500
001 173814
020 _a
040 _cMagnum
100 _aMokarzel, Marisa
240 1 0 _aO caminhao magico de chico beija-flor
_lpor
245 1 0 _aO caminhao magico de chico beija-flor
362 0 _a1899
697 _aIJ/GERAL
942 _cBK
999 _c173814
_d173814